00823nam a22002417a 4500003001100000005001700011008004100028020001500069040003900084041000800123082001700131245007500148260005400223300003300277490001700310650002200327650002200349700002300371856007400394942000700468952009100475999001500566LK-CoMWRAF20231129004949.0230923b2004 |||||||| |||| 00| 0 eng d a9068328433 aLK-CoMWRAFdLK-CoMWRAFeLK-CoMWRAF aeng a323.172bCHA aChallenges for a viable decentralization process in rural Burkina Faso aAmsterdam:bRoyal Tropical Institute (KIT),c2004 a64 p.bBibliography included aBulletin 356 aDECDENTRALIZATION aRural development aBagré, Alain S.  uhttps://www.kit.nl/wp-content/uploads/2018/08/601_sarahs_merge356.pdf cBK 00104070aMAINbMAINd2023-09-24l0o323.172 CHApRAF786r2023-09-24w2023-09-24yBK c3638d3638